The Wolfgang Amadeus Mozart Quiz - Statistics

General Stats
  • This quiz has been taken 96 times
  • The average score is 9 of 20
Answer Stats
Hint Answer % Correct
City where Mozart was born in 1756 Salzburg
89%
City where Mozart died in 1791 Vienna
89%
Number of Mozart's children who survived infancy Two
73%
The name of his father, a composer and violinist Johann Georg Leopold Mozart
69%
Composition in D Minor that was left unfinished upon Mozart's death Requiem
69%
Opera about a Spanish seducer Don Giovanni
65%
Villain of the above film, Mozart's supposed rival Antonio Salieri
64%
Composer and friend to whom Mozart dedicated multiple quartets Joseph Haydn
55%
Nickname of Symphony No. 41 Jupiter
54%
City where the above two operas premiered Prague
45%
Opera about a woman who tries to rescue her daughter from a misogynistic cult The Magic Flute
43%
Mozart's pitted facial complexion was caused by a childhood case of this disease Smallpox
41%
Director of the 1984 film Amadeus Miloš Forman
35%
Number of symphony named in honor of the above city 38
29%
Composer of Miserere that a 14-year old Mozart allegedly wrote down from memory after hearing it at the Sistine Chapel Gregorio Allegri
25%
A round confection that has Mozart's face on the wrapper Mozartkugel
25%
One of Mozart's pupils, with the initials JNH Johann Nepomuk Hummel
20%
Opera about a spurned woman who wants to kill the Roman emperor La clemenza di Tito
19%
Romantic-era composer of the Mozartiana suite Pyotr Ilyich Tchaikovsky
15%
Proto-romantic movement that influenced Mozart Sturm und Drang
14%
No matching quizzes found
Score Distribution
Percent of People with Each Score
Percentile by Number Answered
Your Score History
You have not taken this quiz